[Event "GBR-ch op"]
[Site "Swansea"]
[Date "2006.08.17"]
[Round "9.49"]
[White "Hillman, Jamie"]
[Black "Wells, Daniel J"]
[Result "1-0"]
[WhiteElo "2006"]
[BlackElo "1997"]
[PlyCount "109"]
[EventDate "2006.08.06"]
[EventType "swiss"]
[EventRounds "11"]
[EventCountry "WLS"]
[SourceTitle "CBM 113 Extra"]
[Source "ChessBase"]
[SourceDate "2006.09.14"]
[SourceVersion "1"]
[SourceVersionDate "2006.09.14"]
[SourceQuality "1"]

1. e4 c5 2. Nf3 Nc6 3. d4 cxd4 4. Nxd4 Nf6 5. Nc3 e5 6. Ndb5 d6 7. Bg5 a6 8. Na3 b5 9. Nd5 Be7 10. Bxf6 Bxf6 11. c3 0-0 12. g3 Bg5 13. Bg2 Ne7 14. 0-0 Bb7 15. Nxe7+ Qxe7 16. Nc2 Rad8 17. Nb4 Qe6 18. Qd3 a5 19. Qxb5 axb4 20. Qxb7 bxc3 21. bxc3 Ra8 22. Qb3 Rfc8 23. Qxe6 fxe6 24. Rfd1 Rxc3 25. Rxd6 Rca3 26. Bh3 Kf8 27. Bxe6 Ke7 28. Rad1 R3a6 29. Rxa6 Rxa6 30. Bb3 Ra5 31. Kg2 Rc5 32. h4 Bc1 33. Rd5 Ba3 34. Rxc5 Bxc5 35. f4 Kf6 36. f5 h6 37. g4 Bb4 38. a4 Be1 39. h5 Ke7 40. Kf3 Bh4 41. a5 Kd7 42. a6 Kc7 43. Ke2 Kb6 44. Bc4 Bg5 45. Kd3 Be7 46. Kc3 Ka7 47. Bb5 Kb6 48. Kc4 Bf6 49. Kd5 Ka7 50. Ke6 Kb6 51. Kf7 Ka7 52. Kg6 Kb6 53. g5 Bxg5 54. Kxg7 Be3 55. Bd3 1-0

[Event "BCF-chT2 0506 (4NCL)"]
[Site "Birmingham"]
[Date "2006.03.04"]
[Round "7.5"]
[White "Regan, Natasha"]
[Black "Hillman, Jamie"]
[Result "1/2-1/2"]
[WhiteElo "2208"]
[BlackElo "1999"]
[PlyCount "97"]
[EventDate "2005.10.22"]
[EventType "team"]
[EventRounds "11"]
[EventCountry "ENG"]
[SourceTitle "EXT 2007"]
[Source "ChessBase"]
[SourceDate "2006.11.23"]
[SourceVersion "1"]
[SourceVersionDate "2006.11.23"]
[SourceQuality "1"]
[WhiteTeam "Cambridge"]
[BlackTeam "PYO"]
[WhiteTeamCountry "ENG"]
[BlackTeamCountry "ENG"]

1. e4 c6 2. d4 d5 3. e5 Bf5 4. Nc3 e6 5. g4 Bg6 6. Nge2 Ne7 7. Nf4 Nd7 8. h4 h6 9. Nxg6 Nxg6 10. h5 Ne7 11. Be3 c5 12. f4 Nc6 13. Bb5 cxd4 14. Bxd4 Nxd4 15. Qxd4 a6 16. Bxd7+ Qxd7 17. 0-0-0 Qc6 18. f5 Bc5 19. Qf4 0-0-0 20. Rh3 Be7 21. Kb1 Kb8 22. Ne2 Bg5 23. Qf2 Rc8 24. Nd4 Qd7 25. Rb3 Rc4 26. Rb6 Qc7 27. Rd6 Be7 28. fxe6 Bxd6 29. exd6 Qxd6 30. Qxf7 Rxd4 31. Rxd4 Rf8 32. e7 Qxe7 33. Qxd5 Rf1+ 34. Rd1 Rf4 35. Qg8+ Kc7 36. a3 Rxg4 37. Rf1 Kb6 38. Qb3+ Ka7 39. Qd5 Rg5 40. Qd4+ Qc5 41. Qd7 Rg2 42. Qd3 Rg1 43. Rxg1 Qxg1+ 44. Ka2 Qg5 45. Qd4+ Ka8 46. c4 Qxh5 47. Qd8+ Ka7 48. Qd4+ Kb8 49. Qd8+ 1/2-1/2

[Event "BCF-chT2 0506 (4NCL)"]
[Site "Birmingham"]
[Date "2005.11.20"]
[Round "4.6"]
[White "Maduekwe, Chiedu U"]
[Black "Hillman, Jamie"]
[Result "1/2-1/2"]
[WhiteElo "2142"]
[BlackElo "1999"]
[PlyCount "78"]
[EventDate "2005.10.22"]
[EventType "team"]
[EventRounds "11"]
[EventCountry "ENG"]
[SourceTitle "EXT 2007"]
[Source "ChessBase"]
[SourceDate "2006.11.23"]
[SourceVersion "1"]
[SourceVersionDate "2006.11.23"]
[SourceQuality "1"]
[WhiteTeam "Wood Green III"]
[BlackTeam "PYO"]
[WhiteTeamCountry "ENG"]
[BlackTeamCountry "ENG"]

1. d4 Nf6 2. c4 e6 3. Nf3 b6 4. a3 Bb7 5. Nc3 d5 6. cxd5 exd5 7. g3 Nbd7 8. Bg2 Be7 9. 0-0 0-0 10. Bf4 Rc8 11. Ne5 Nxe5 12. dxe5 Ne4 13. Nxe4 dxe4 14. Qc2 Qd5 15. Rfd1 Qc6 16. Qxc6 Bxc6 17. Rac1 Bb5 18. Bxe4 Bxe2 19. Rd7 Bd8 20. Bf5 g5 21. Bd2 Re8 22. e6 fxe6 23. Bxh7+ Kf8 24. Bg6 Re7 25. Rxd8+ Rxd8 26. Bxg5 c5 27. Re1 Bc4 28. Be4 Rd4 29. Bxe7+ Kxe7 30. Re3 Kf6 31. Kg2 Rd2 32. b3 Bd5 33. Kf3 Ra2 34. b4 Bxe4+ 35. Kxe4 Rxf2 36. bxc5 bxc5 37. Rc3 Rxh2 38. Rxc5 Re2+ 39. Kf3 Rb2 1/2-1/2

[Event "BCF-chT2 0405 (4NCL)"]
[Site "West Bromwich"]
[Date "2005.04.09"]
[Round "7.7"]
[White "Blackburn, Jonathan LB"]
[Black "Hillman, Jamie"]
[Result "1-0"]
[WhiteElo "2179"]
[BlackElo "1980"]
[PlyCount "35"]
[EventDate "2004.09.18"]
[EventType "team"]
[EventRounds "11"]
[EventCountry "ENG"]
[SourceTitle "EXT 2006"]
[Source "ChessBase"]
[SourceDate "2005.11.24"]
[SourceVersion "1"]
[SourceVersionDate "2005.11.24"]
[SourceQuality "1"]
[WhiteTeam "SW Dragons"]
[BlackTeam "PYO"]
[WhiteTeamCountry "ENG"]
[BlackTeamCountry "ENG"]

1. d4 Nf6 2. c4 e6 3. Nc3 Bb4 4. Nf3 b6 5. Bg5 Bb7 6. e3 c5 7. Bd3 h6 8. Bh4 d6 9. 0-0 0-0 10. Ne4 g5 11. Nexg5 hxg5 12. Nxg5 Nbd7 13. a3 Ba5 14. Nh7 Re8 15. Nxf6+ Nxf6 16. e4 cxd4 17. b4 Kg7 18. Qc1 1-0

[Event "BCF-chT2 0405 (4NCL)"]
[Site "West Bromwich"]
[Date "2005.01.23"]
[Round "6.7"]
[White "Hillman, Jamie"]
[Black "Horton, Justin"]
[Result "1/2-1/2"]
[WhiteElo "1980"]
[BlackElo "2096"]
[PlyCount "65"]
[EventDate "2004.09.18"]
[EventType "team"]
[EventRounds "11"]
[EventCountry "ENG"]
[SourceTitle "EXT 2006"]
[Source "ChessBase"]
[SourceDate "2005.11.24"]
[SourceVersion "1"]
[SourceVersionDate "2005.11.24"]
[SourceQuality "1"]
[WhiteTeam "PYO"]
[BlackTeam "Mindsports"]
[WhiteTeamCountry "ENG"]
[BlackTeamCountry "ENG"]

1. e4 e5 2. Nf3 Nc6 3. Bc4 Bc5 4. d3 Nf6 5. Nc3 d6 6. Na4 0-0 7. Nxc5 dxc5 8. Bg5 h6 9. Bh4 Qd6 10. Nd2 a6 11. a4 Ne7 12. 0-0 Ng6 13. Bg3 Bd7 14. Qe2 h5 15. h3 h4 16. Bh2 b5 17. Bb3 Rab8 18. Rfd1 Rfd8 19. axb5 axb5 20. Ra7 Bc6 21. Rda1 c4 22. Ba2 cxd3 23. cxd3 Ra8 24. Bb1 Rxa7 25. Rxa7 Qc5 26. Ra1 Qc1+ 27. Nf1 b4 28. Qc2 Qxc2 29. Bxc2 Bb5 30. Rd1 b3 31. Bxb3 Rxd3 32. Rxd3 Bxd3 33. f3 1/2-1/2

[Event "Specsavers YM 14th"]
[Site "Millfield"]
[Date "2004.07.20"]
[Round "3"]
[White "Rees, Ioan"]
[Black "Hillman, Jamie"]
[Result "1/2-1/2"]
[WhiteElo "2210"]
[BlackElo "1968"]
[PlyCount "75"]
[EventDate "2004.07.19"]
[EventType "swiss"]
[EventRounds "10"]
[EventCountry "ENG"]
[SourceTitle "CBM 101 Extra"]
[Source "ChessBase"]
[SourceDate "2004.09.01"]
[SourceVersion "2"]
[SourceVersionDate "2004.09.01"]
[SourceQuality "1"]

1. d4 Nf6 2. c4 e6 3. Nc3 Bb4 4. e3 c5 5. Nge2 d5 6. a3 Bxc3+ 7. Nxc3 cxd4 8. exd4 Nc6 9. cxd5 Nxd5 10. Be2 0-0 11. 0-0 e5 12. dxe5 Nxc3 13. bxc3 Nxe5 14. Bf4 Qa5 15. Qb3 Be6 16. Qb4 Qxb4 17. axb4 Bc4 18. Rfe1 Bxe2 19. Rxe2 Ng6 20. Bd6 Rfd8 21. Bg3 Rac8 22. Re3 a6 23. h4 Kf8 24. Rae1 h5 25. f4 Re8 26. f5 Rxe3 27. Rxe3 Nh8 28. Bd6+ Kg8 29. Bc5 Rc7 30. Kf2 f6 31. Re8+ Kh7 32. Ke3 Nf7 33. Re7 Rxe7+ 34. Bxe7 Nh6 35. Ke4 Kg8 36. Bd6 Kf7 37. Bf4 Ke7 38. c4 1/2-1/2

[Event "BCF-chT3 0304 (4NCL)"]
[Site "West Bromwich"]
[Date "2003.11.23"]
[Round "2.5"]
[White "Hillman, Jamie"]
[Black "Hawrami, Dana"]
[Result "1/2-1/2"]
[WhiteElo "2011"]
[BlackElo "1840"]
[PlyCount "45"]
[EventDate "2003.11.23"]
[EventType "team"]
[EventRounds "11"]
[EventCountry "ENG"]
[SourceTitle "EXT 2005"]
[Source "ChessBase"]
[SourceDate "2004.11.15"]
[SourceVersion "1"]
[SourceVersionDate "2004.11.15"]
[SourceQuality "1"]
[WhiteTeam "Wood Green III"]
[BlackTeam "South County Stars"]
[WhiteTeamCountry "ENG"]
[BlackTeamCountry "ENG"]

1. e4 c5 2. Nf3 d6 3. d4 cxd4 4. Nxd4 Nf6 5. Nc3 a6 6. Be3 e5 7. Nf3 Be6 8. a4 Be7 9. Be2 Nbd7 10. 0-0 0-0 11. Nd2 Qc7 12. f4 exf4 13. Rxf4 Ne5 14. Nb3 Nfd7 15. Nd4 Ng6 16. Nf5 Bf6 17. Rf2 Be5 18. Bd4 Nf6 19. Qd2 d5 20. Bxe5 Qxe5 21. Qg5 Kh8 22. exd5 Bxd5 23. Qg3 1/2-1/2

[Event "BCF-chT3 0304 (4NCL)"]
[Site "West Bromwich"]
[Date "2003.11.22"]
[Round "1.5"]
[White "Valentine, Brian J"]
[Black "Hillman, Jamie"]
[Result "1/2-1/2"]
[WhiteElo "2063"]
[BlackElo "2011"]
[PlyCount "83"]
[EventDate "2003.11.23"]
[EventType "team"]
[EventRounds "11"]
[EventCountry "ENG"]
[SourceTitle "EXT 2005"]
[Source "ChessBase"]
[SourceDate "2004.11.15"]
[SourceVersion "1"]
[SourceVersionDate "2004.11.15"]
[SourceQuality "1"]
[WhiteTeam "FCA Solutions"]
[BlackTeam "Wood Green III"]
[WhiteTeamCountry "ENG"]
[BlackTeamCountry "ENG"]

1. e4 c6 2. d4 d5 3. e5 Bf5 4. Nf3 e6 5. Be2 c5 6. 0-0 Nc6 7. b3 Qb6 8. Be3 Rc8 9. c4 dxc4 10. Na3 Rd8 11. Nxc4 Qc7 12. Qd2 Nh6 13. Rfd1 Ng4 14. Bf4 Nxd4 15. Nd6+ Bxd6 16. exd6 Nxe2+ 17. Qxe2 Qc8 18. Qb5+ Qc6 19. Qxc6+ bxc6 20. Rac1 Be4 21. Nd2 Bd5 22. f3 Nf6 23. Rxc5 Nh5 24. Be3 Rxd6 25. Nc4 Rd8 26. Ra5 0-0 27. Rxa7 Nf6 28. a4 Ra8 29. a5 Rxa7 30. Bxa7 Ra8 31. Bb6 Nd7 32. Rd4 Nxb6 33. axb6 Rb8 34. Rd2 g6 35. Ra2 Bxc4 36. bxc4 Rxb6 37. Ra8+ Kg7 38. Rc8 Kf6 39. Rc7 e5 40. Kf2 Ke6 41. g4 h6 42. h4 1/2-1/2

[Event "Porto San Giorgio op 15th"]
[Site "Porto San Giorgo"]
[Date "2003.08.21"]
[Round "1"]
[White "Hillman, Jamie"]
[Black "Farago, Ivan"]
[Result "0-1"]
[WhiteElo "2035"]
[BlackElo "2465"]
[PlyCount "80"]
[EventDate "2003.08.21"]
[EventType "swiss"]
[EventRounds "9"]
[EventCountry "ITA"]
[SourceTitle "CBM 095 Extra"]
[Source "ChessBase"]
[SourceDate "2003.09.04"]
[SourceVersion "1"]
[SourceVersionDate "2003.09.04"]
[SourceQuality "1"]

1. e4 c5 2. Nf3 e6 3. d4 cxd4 4. Nxd4 a6 5. Nc3 Qc7 6. Be3 Bb4 7. Nde2 Nf6 8. a3 Be7 9. f3 b5 10. Nd4 Bb7 11. Bd3 Nc6 12. Qd2 Ne5 13. 0-0 0-0 14. Nde2 Rac8 15. b4 d5 16. exd5 Nxd3 17. cxd3 Bxd5 18. Nxd5 Nxd5 19. Rac1 Qd7 20. Bd4 h6 21. Rxc8 Rxc8 22. Rc1 Rd8 23. g3 Bg5 24. f4 Bf6 25. Bxf6 Nxf6 26. d4 Nd5 27. Kf2 Nb6 28. Rc5 Qb7 29. Qc1 Nc4 30. h4 Nd6 31. Rc6 Nf5 32. Qc3 Nxd4 33. Nxd4 Rxd4 34. Rc8+ Kh7 35. Qc2+ f5 36. Rc6 Qd7 37. Qc3 Rd2+ 38. Ke1 Rd3 39. Rc7 Rxc3 40. Rxd7 Rxg3 0-1

[Event "Smith & Williamson YM Rated 13th"]
[Site "Millfield"]
[Date "2003.07.12"]
[Round "3"]
[White "Hillman, Jamie"]
[Black "Pym, Thomas TW"]
[Result "0-1"]
[WhiteElo "2035"]
[BlackElo "2005"]
[PlyCount "58"]
[EventDate "2003.07.09"]
[EventType "swiss"]
[EventRounds "11"]
[EventCountry "ENG"]
[SourceTitle "CBM 095 Extra"]
[Source "ChessBase"]
[SourceDate "2003.09.04"]
[SourceVersion "1"]
[SourceVersionDate "2003.09.04"]
[SourceQuality "1"]

1. e4 c5 2. Nf3 d6 3. d4 cxd4 4. Nxd4 Nf6 5. Nc3 g6 6. Be3 Bg7 7. f3 0-0 8. Bc4 Nc6 9. Qd2 Bd7 10. 0-0-0 Qa5 11. g4 Rfc8 12. Bb3 Ne5 13. h4 Nc4 14. Bxc4 Rxc4 15. h5 Rac8 16. Nb3 Qa6 17. hxg6 hxg6 18. Bd4 Bxg4 19. fxg4 Rxc3 20. bxc3 Nxe4 21. Qd3 Qa3+ 22. Kb1 Nxc3+ 23. Qxc3 Rxc3 24. Bxg7 Kxg7 25. Rhe1 a5 26. Rxe7 a4 27. Rf1 axb3 28. Rexf7+ Kh6 29. cxb3 Kg5 0-1

[Event "BCF-chT4 0203 fin (4NCL)"]
[Site "Telford"]
[Date "2003.05.25"]
[Round "10.4"]
[White "Hillman, Jamie"]
[Black "Dickson, George A"]
[Result "1/2-1/2"]
[WhiteElo "2045"]
[BlackElo "2016"]
[PlyCount "91"]
[EventDate "2003.04.??"]
[EventType "team"]
[EventRounds "3"]
[EventCountry "ENG"]
[SourceTitle "EXT 2004"]
[Source "ChessBase"]
[SourceDate "2003.11.25"]
[SourceVersion "1"]
[SourceVersionDate "2003.11.25"]
[SourceQuality "1"]
[WhiteTeam "Wood Green III"]
[BlackTeam "Metropolitan"]
[WhiteTeamCountry "ENG"]
[BlackTeamCountry "ENG"]

1. e4 d6 2. d4 Nf6 3. Nc3 g6 4. f4 Bg7 5. Nf3 0-0 6. Be2 Nc6 7. 0-0 d5 8. exd5 Nxd5 9. Nxd5 Qxd5 10. c3 Bf5 11. Bd3 Bxd3 12. Qxd3 Rad8 13. Be3 e5 14. fxe5 Nxe5 15. Nxe5 Bxe5 16. Qc2 Bg7 17. Qb3 Rfe8 18. Rae1 Re6 19. Bf4 c6 20. Qxb7 Bxd4+ 21. cxd4 Qxd4+ 22. Be3 Rxe3 23. Qxf7+ Kh8 24. Rxe3 Qxe3+ 25. Kh1 Qd4 26. Qe7 h6 27. h3 Rg8 28. b3 Rg7 29. Qe8+ Kh7 30. Qxc6 Qb2 31. Qe8 Qxa2 32. Rf8 Qa1+ 33. Kh2 Rc7 34. Rf7+ Rxf7 35. Qxf7+ Qg7 36. Qxg7+ Kxg7 37. Kg3 Kf6 38. Kf4 Ke6 39. Ke4 Kd6 40. Kd4 a5 41. g3 g5 42. g4 Kc6 43. Kc4 Kb6 44. Kc3 Kc5 45. Kd3 Kd5 46. Kc3 1/2-1/2